[Event "Berlin Werner Ott op"]
[Site "Berlin"]
[Date "2019.06.24"]
[Round "3"]
[White "Moser, Axel"]
[Black "Ruether, Marc"]
[Result "1-0"]
[WhiteElo "2168"]
[BlackElo "1763"]
[PlyCount "89"]
[EventDate "2019.06.22"]
[EventType "swiss"]
[EventRounds "9"]
[EventCountry "GER"]
[SourceTitle "EXT 2022"]
[Source "ChessBase"]
[SourceDate "2021.10.06"]
[SourceVersion "1"]
[SourceVersionDate "2021.10.06"]
[SourceQuality "1"]

1. d4 Nf6 2. Nf3 c5 3. d5 e6 4. c4 exd5 5. cxd5 d6 6. Nc3 g6 7. Bf4 Bg7 8. Qa4+ Bd7 9. Qb3 Bc8 10. h3 0-0 11. e3 a6 12. a4 Nh5 13. Bh2 f5 14. Be2 Nf6 15. 0-0 Ne8 16. Nd2 Nd7 17. Nc4 Ne5 18. Nb6 Rb8 19. a5 Nd7 20. Nca4 Be5 21. Rac1 Bxh2+ 22. Kxh2 Ne5 23. f4 Nf7 24. Qc3 Bd7 25. b4 Bb5 26. Rfe1 Bxe2 27. Rxe2 cxb4 28. Qxb4 Nf6 29. Nc3 Re8 30. e4 fxe4 31. Nxe4 Rxe4 32. Rxe4 Nxe4 33. Qxe4 Kg7 34. Qd4+ Kg8 35. Re1 g5 36. fxg5 Ne5 37. Qe3 Qc7 38. Rc1 Qf7 39. Nc8 Qe8 40. Qc3 Qd8 41. Qc7 Qxg5 42. Ne7+ Kg7 43. Nc6+ Nf7 44. Nxb8 Qf4+ 45. Kh1 1-0

[Event "Berlin Eckbauer op 21st"]
[Site "Berlin"]
[Date "2018.11.26"]
[Round "7"]
[White "Ruether, Marc"]
[Black "Schenk, Rafael"]
[Result "1-0"]
[WhiteElo "1763"]
[BlackElo "1761"]
[PlyCount "77"]
[EventDate "2018.10.08"]
[EventType "swiss"]
[EventRounds "7"]
[EventCountry "GER"]
[SourceTitle "CBM 189 Extra"]
[Source "ChessBase"]
[SourceDate "2019.06.03"]
[SourceVersion "1"]
[SourceVersionDate "2019.06.03"]
[SourceQuality "1"]

1. e4 c5 2. c3 Nf6 3. e5 Nd5 4. d4 cxd4 5. Nf3 d6 6. Qxd4 e6 7. Bd3 Nc6 8. Qe4 Be7 9. exd6 Qxd6 10. 0-0 Nf6 11. Qe2 0-0 12. Rd1 Qc7 13. Bg5 b6 14. a3 Bb7 15. c4 Rfe8 16. Nc3 a6 17. Na4 g6 18. Be3 Nd7 19. Bc2 Rad8 20. Rd2 Nc5 21. Rad1 Rxd2 22. Rxd2 Nxa4 23. Bxa4 Rd8 24. Bg5 Nd4 25. Nxd4 Bxg5 26. Rd1 Bf6 27. Nf3 Rxd1+ 28. Bxd1 Qd6 29. b4 Bb2 30. c5 bxc5 31. bxc5 Qd8 32. Ba4 Bxf3 33. Qxf3 Bxa3 34. Qxa3 Qg5 35. c6 Qe5 36. h3 Qe1+ 37. Kh2 Qxf2 38. c7 Qf4+ 39. Qg3 1-0

[Event "Berlin Eckbauer op 21st"]
[Site "Berlin"]
[Date "2018.11.19"]
[Round "6"]
[White "Heerde, Thomas"]
[Black "Ruether, Marc"]
[Result "1-0"]
[WhiteElo "2027"]
[BlackElo "1763"]
[PlyCount "153"]
[EventDate "2018.10.08"]
[EventType "swiss"]
[EventRounds "7"]
[EventCountry "GER"]
[SourceTitle "CBM 189 Extra"]
[Source "ChessBase"]
[SourceDate "2019.06.03"]
[SourceVersion "1"]
[SourceVersionDate "2019.06.03"]
[SourceQuality "1"]

1. Nf3 c5 2. g3 Nc6 3. Bg2 g6 4. 0-0 Bg7 5. e4 d6 6. c3 Bg4 7. h3 Be6 8. d4 cxd4 9. cxd4 d5 10. e5 Nh6 11. Re1 0-0 12. Bf4 Qb6 13. Nc3 Rac8 14. Na4 Qc7 15. Qd2 Qa5 16. Nc3 Nf5 17. g4 Ncxd4 18. Nxd4 Nxd4 19. Qxd4 Rc4 20. Qd2 Qc5 21. Rac1 Qb4 22. a3 Qb6 23. Ne2 Rd8 24. Red1 d4 25. Rxc4 Bxc4 26. Ng3 Bb3 27. Rc1 h6 28. h4 Be6 29. g5 h5 30. Be4 Qb5 31. Bd3 Qb6 32. b4 Bd5 33. Rc5 Bf8 34. Be4 e6 35. Bxd5 Bxc5 36. Bxe6 Qxe6 37. bxc5 Qg4 38. a4 Qxh4 39. a5 Qg4 40. a6 bxa6 41. Kg2 Qe6 42. f3 Qc6 43. Ne4 Qa4 44. Qb2 Qc4 45. Kg3 Qf1 46. Qc1 Qxc1 47. Bxc1 a5 48. Nd6 Rd7 49. Kf4 Rc7 50. Ba3 Kf8 51. Nb5 Rc8 52. c6+ Kg7 53. Nxd4 a6 54. Bd6 a4 55. Ke4 Kg8 56. Kd5 h4 57. e6 fxe6+ 58. Kxe6 h3 59. Kd7 Rxc6 60. Kxc6 a3 61. Kb6 a2 62. Nc2 Kf7 63. Bh2 Ke6 64. Kc5 Kf5 65. Kd4 Kxg5 66. Ke5 Kh4 67. f4 Kg4 68. Kf6 Kf3 69. Kxg6 Kg2 70. f5 Kxh2 71. f6 Kg3 72. f7 h2 73. f8Q h1Q 74. Qd6+ Kf2 75. Qf4+ Qf3 76. Qd4+ Qe3 77. Qxe3+ 1-0

[Event "Berlin Eckbauer op 21st"]
[Site "Berlin"]
[Date "2018.11.12"]
[Round "5"]
[White "Ruether, Marc"]
[Black "Dziallas, Michael"]
[Result "1-0"]
[WhiteElo "1763"]
[BlackElo "1873"]
[PlyCount "79"]
[EventDate "2018.10.08"]
[EventType "swiss"]
[EventRounds "7"]
[EventCountry "GER"]
[SourceTitle "CBM 189 Extra"]
[Source "ChessBase"]
[SourceDate "2019.06.03"]
[SourceVersion "1"]
[SourceVersionDate "2019.06.03"]
[SourceQuality "1"]

1. e4 c5 2. c3 Nf6 3. e5 Nd5 4. d4 cxd4 5. Nf3 Nc6 6. cxd4 d6 7. Bc4 e6 8. 0-0 Be7 9. Re1 dxe5 10. dxe5 Ndb4 11. Qe2 0-0 12. a3 Na6 13. Rd1 Qb6 14. b4 Nab8 15. Nc3 a6 16. Bd3 Nd7 17. Bg5 Ndxe5 18. Nxe5 Bxg5 19. Qh5 h6 20. Nc4 Qc7 21. Ne4 g6 22. Qe2 Nd4 23. Qb2 e5 24. Nxg5 hxg5 25. Rac1 Qe7 26. Re1 f6 27. Qxd4 Rd8 28. Qc3 Be6 29. Nb6 Rab8 30. Bc4 Kg7 31. Bxe6 Qxe6 32. Qc7+ Qf7 33. Qxf7+ Kxf7 34. Red1 Ke6 35. Kf1 Rh8 36. h3 Rh4 37. Nd7 Rbh8 38. Nc5+ Kf5 39. g4+ Kf4 40. Rc4+ 1-0

[Event "Berlin Werner Ott op"]
[Site "Berlin"]
[Date "2018.07.05"]
[Round "6"]
[White "Ruether, Marc"]
[Black "Buttkus, Andree"]
[Result "0-1"]
[WhiteElo "1792"]
[BlackElo "2004"]
[PlyCount "65"]
[EventDate "2018.06.30"]
[EventType "swiss"]
[EventRounds "9"]
[EventCountry "GER"]
[SourceTitle "CBM 185 Extra"]
[Source "ChessBase"]
[SourceDate "2018.07.29"]
[SourceVersion "1"]
[SourceVersionDate "2018.07.29"]
[SourceQuality "1"]

1. e4 c5 2. c3 g6 3. d4 cxd4 4. cxd4 d5 5. e5 Bg7 6. Nc3 Nh6 7. h3 0-0 8. Nf3 b6 9. Be2 Nc6 10. Bf4 f6 11. exf6 exf6 12. Nb5 a6 13. Qc1 axb5 14. Qxc6 Ra7 15. 0-0 g5 16. Bh2 g4 17. hxg4 Bxg4 18. Qxb5 Nf5 19. Qd3 Re8 20. Rfe1 Re4 21. Rac1 Rae7 22. Kf1 Bh6 23. Rc2 Qe8 24. Qb3 Qf7 25. Rc8+ Kg7 26. Ne5 Bxe2+ 27. Rxe2 fxe5 28. Bxe5+ R7xe5 29. dxe5 Rxe2 30. Qxb6 Ng3+ 31. Kg1 Re1+ 32. Kh2 Rh1+ 33. Kxg3 0-1

[Event "Berlin Werner Ott op"]
[Site "Berlin"]
[Date "2017.07.22"]
[Round "8"]
[White "Nitsche, Nikolai"]
[Black "Ruether, Marc"]
[Result "1-0"]
[WhiteElo "1537"]
[BlackElo "1825"]
[PlyCount "29"]
[EventDate "2017.07.15"]
[EventType "swiss"]
[EventRounds "9"]
[EventCountry "GER"]
[SourceTitle "EXT 2019"]
[Source "ChessBase"]
[SourceDate "2018.10.10"]
[SourceVersion "1"]
[SourceVersionDate "2018.10.10"]
[SourceQuality "1"]

1. d4 Nf6 2. Bf4 c5 3. e3 Qb6 4. Nc3 d6 5. Bb5+ Bd7 6. a4 cxd4 7. exd4 Bxb5 8. axb5 e5 9. Be3 Qc7 10. dxe5 dxe5 11. b6 Qc8 12. Nb5 Na6 13. Rxa6 bxa6 14. Nc7+ Ke7 15. Bc5# 1-0

[Event "Berlin Eckbauer op 19th"]
[Site "Berlin"]
[Date "2016.10.17"]
[Round "2"]
[White "Toth, Ferenc2222"]
[Black "Ruether, Marc"]
[Result "1-0"]
[WhiteElo "1974"]
[BlackElo "1825"]
[PlyCount "63"]
[EventDate "2016.10.10"]
[EventType "swiss"]
[EventRounds "7"]
[EventCountry "GER"]
[SourceTitle "EXT 2022"]
[Source "ChessBase"]
[SourceDate "2021.10.06"]
[SourceVersion "1"]
[SourceVersionDate "2021.10.06"]
[SourceQuality "1"]

1. e4 c5 2. Nf3 Nc6 3. d4 cxd4 4. Nxd4 e5 5. Nb5 d6 6. c4 Be7 7. Be3 f5 8. N5c3 f4 9. Bc1 Nh6 10. g3 0-0 11. gxf4 exf4 12. Rg1 Bh4 13. Qh5 Ne5 14. Be2 f3 15. Bxh6 Bg4 16. Rxg4 Bxf2+ 17. Kxf2 Nxg4+ 18. Qxg4 fxe2+ 19. Kxe2 Qf6 20. Qxg7+ Qxg7 21. Bxg7 Kxg7 22. Nd2 a6 23. Rg1+ Kh6 24. a4 Rf7 25. Nf3 Rf4 26. Ke3 Raf8 27. Rg3 R4f7 28. Ne2 Rc7 29. b3 Rcf7 30. Ned4 Re7 31. Rg5 Rxf3+ 32. Nxf3 1-0

[Event "Berlin Eckbauer op 19th"]
[Site "Berlin"]
[Date "2016.10.10"]
[Round "1"]
[White "Ruether, Marc"]
[Black "Geist, Wolfgang"]
[Result "1-0"]
[WhiteElo "1825"]
[BlackElo "1425"]
[PlyCount "99"]
[EventDate "2016.10.10"]
[EventType "swiss"]
[EventRounds "7"]
[EventCountry "GER"]
[SourceTitle "EXT 2022"]
[Source "ChessBase"]
[SourceDate "2021.10.06"]
[SourceVersion "1"]
[SourceVersionDate "2021.10.06"]
[SourceQuality "1"]

1. e4 d5 2. exd5 Nf6 3. Bb5+ Bd7 4. Be2 Nxd5 5. d4 e6 6. Nf3 Be7 7. 0-0 0-0 8. c4 Nf6 9. Nc3 c6 10. Bf4 Bc8 11. Qc2 Nbd7 12. Rad1 Re8 13. Bd3 Nf8 14. Rfe1 Nh5 15. Bc1 Nf6 16. b3 Qc7 17. Bb2 Bb4 18. a3 Bxc3 19. Qxc3 Bd7 20. Ne5 Rad8 21. Bc2 Bc8 22. a4 a5 23. Rd3 N6d7 24. Ng4 f6 25. Rg3 Kf7 26. Qf3 Ng6 27. Ne3 Ndf8 28. Ba3 Qf4 29. Bxg6+ Nxg6 30. Qh5 Qh6 31. Qxa5 Rxd4 32. Rh3 Qf4 33. Rxh7 Nf8 34. Qh5+ Ng6 35. Bc1 Qg5 36. Qxg5 fxg5 37. Bb2 e5 38. Bxd4 exd4 39. Nc2 Rxe1+ 40. Nxe1 Kg8 41. Rh5 g4 42. Nd3 Kf7 43. Ra5 Kf6 44. Kf1 b6 45. Ra8 Ne7 46. Ke2 Bf5 47. Rf8+ Ke6 48. Rb8 Be4 49. Rxb6 Bxg2 50. Nf4+ 1-0

[Event "Berlin Kreuzberg op"]
[Site "Berlin"]
[Date "2016.07.24"]
[Round "9"]
[White "Ruether, Marc"]
[Black "Thesing, Ansgar"]
[Result "1-0"]
[WhiteElo "1793"]
[BlackElo "2009"]
[PlyCount "55"]
[EventDate "2016.07.16"]
[EventType "swiss"]
[EventRounds "9"]
[EventCountry "GER"]
[SourceTitle "CBM 173 Extra"]
[Source "ChessBase"]
[SourceDate "2016.08.29"]
[SourceVersion "1"]
[SourceVersionDate "2016.08.29"]
[SourceQuality "1"]

1. e4 g6 2. d4 Bg7 3. Nc3 d6 4. Bg5 h6 5. Bh4 c6 6. Qd2 b5 7. a3 Qc7 8. f3 a6 9. Nge2 Bb7 10. g4 Nd7 11. 0-0-0 Nb6 12. Bg3 Nc4 13. Qd3 Qa5 14. e5 d5 15. e6 b4 16. exf7+ Kxf7 17. Nf4 Nf6 18. Qxg6+ Kg8 19. Ne6 Rh7 20. Bc7 Nb6 21. Bxb6 Qxb6 22. axb4 Qxb4 23. Bd3 Bc8 24. g5 hxg5 25. Nxg5 Rh6 26. Qf7+ Kh8 27. Rhg1 Qxd4 28. Ne6 1-0

[Event "Berlin Eckbauer op 18th"]
[Site "Berlin"]
[Date "2015.11.02"]
[Round "4"]
[White "Ruether, Marc"]
[Black "Theilig, Reinhard"]
[Result "1-0"]
[WhiteElo "1810"]
[BlackElo "1627"]
[PlyCount "45"]
[EventDate "2015.10.05"]
[EventType "swiss"]
[EventRounds "7"]
[EventCountry "GER"]
[SourceTitle "EXT 2022"]
[Source "ChessBase"]
[SourceDate "2021.10.06"]
[SourceVersion "1"]
[SourceVersionDate "2021.10.06"]
[SourceQuality "1"]

1. e4 d6 2. d4 Nf6 3. Nc3 g6 4. Be2 Bg7 5. g4 0-0 6. g5 Nfd7 7. h4 c5 8. d5 Qa5 9. Bd2 Qb4 10. h5 Qxb2 11. Rb1 Qa3 12. Nb5 Qxa2 13. Nc7 Ne5 14. Nxa8 Na6 15. Bxa6 Qxa6 16. Nc7 Qa2 17. Nb5 Bg4 18. Nc3 Nf3+ 19. Nxf3 Bxc3 20. Bxc3 Qa3 21. Qd3 c4 22. Qd4 f6 23. Nd2 1-0

[Event "Berlin Eckbauer op 18th"]
[Site "Berlin"]
[Date "2015.10.12"]
[Round "2"]
[White "Ruether, Marc"]
[Black "Koenig, Frank"]
[Result "0-1"]
[WhiteElo "1810"]
[BlackElo "1939"]
[PlyCount "70"]
[EventDate "2015.10.05"]
[EventType "swiss"]
[EventRounds "7"]
[EventCountry "GER"]
[SourceTitle "EXT 2022"]
[Source "ChessBase"]
[SourceDate "2021.10.06"]
[SourceVersion "1"]
[SourceVersionDate "2021.10.06"]
[SourceQuality "1"]

1. e4 g6 2. d4 Bg7 3. Nc3 d6 4. Bg5 Nc6 5. d5 Nd4 6. Nge2 c5 7. Be3 e5 8. h3 Ne7 9. Qd2 0-0 10. f4 f5 11. 0-0-0 b5 12. fxe5 b4 13. Bxd4 cxd4 14. Nb5 dxe5 15. Qxb4 Bd7 16. Qb3 Kh8 17. d6 Nc6 18. exf5 Bxf5 19. Ng3 Bd7 20. Ne4 Rb8 21. Qa3 a6 22. Nc7 Bf5 23. Bc4 Nb4 24. Ne6 Qc8 25. Qb3 Bxe4 26. Nxf8 Bxc2 27. Be6 Qxf8 28. Qc4 d3 29. a3 Bh6+ 30. Rd2 Qf2 31. Qc3 Nc6 32. d7 Nd4 33. Qc8+ Qf8 34. Qxf8+ Rxf8 35. Bg4 Nb3# 0-1

[Event "Berlin Werner Ott op"]
[Site "Berlin"]
[Date "2014.07.09"]
[Round "5"]
[White "Ruether, Marc"]
[Black "Francke, Joerg"]
[Result "1/2-1/2"]
[WhiteElo "1814"]
[BlackElo "2021"]
[PlyCount "147"]
[EventDate "2014.07.05"]
[EventType "swiss"]
[EventRounds "9"]
[EventCountry "GER"]
[SourceTitle "CBM 161 Extra"]
[Source "ChessBase"]
[SourceDate "2014.08.29"]
[SourceVersion "1"]
[SourceVersionDate "2014.08.29"]
[SourceQuality "1"]

1. e4 e5 2. Nf3 Nf6 3. d4 Nxe4 4. Bd3 d5 5. Nxe5 Nd7 6. Nxd7 Bxd7 7. 0-0 Bd6 8. c4 Nf6 9. Re1+ Kf8 10. Nc3 c6 11. cxd5 cxd5 12. h3 Bc6 13. Qf3 h6 14. Bf4 Bb4 15. Rec1 Rg8 16. Be5 Nd7 17. Bg3 Qf6 18. Qxf6 Nxf6 19. f3 g6 20. Bf4 Nd7 21. Bxh6+ Ke7 22. a3 Bd6 23. Re1+ Kf6 24. f4 Rh8 25. g4 Rxh6 26. g5+ Kg7 27. gxh6+ Kxh6 28. f5 gxf5 29. Bxf5 Nf6 30. Re2 Nh5 31. Rf2 Rg8+ 32. Rg2 Re8 33. Kf2 Nf4 34. Rgg1 Ne6 35. Rae1 Nxd4 36. Rxe8 Bxe8 37. Bc8 Bc6 38. Rd1 Bc5 39. b4 Bb6 40. Kf1 Nc2 41. Ke2 Nd4+ 42. Kd2 a6 43. Rf1 Kg7 44. Bf5 Nxf5 45. Rxf5 d4 46. Nd5 Bd8 47. Nf4 Be4 48. Re5 Bc6 49. Nd3 Kg6 50. Re1 Bg5+ 51. Ke2 Bb5 52. Rg1 Kf5 53. Rg4 Be3 54. Rh4 Bc4 55. Rh5+ Ke6 56. Rc5 b5 57. Re5+ Kf6 58. Rc5 Ke6 59. Re5+ Kd6 60. Rf5 Be6 61. Rh5 f5 62. Rh4 Bc4 63. Rh8 Ke7 64. Rh7+ Kf6 65. Ra7 f4 66. Rxa6+ Kf5 67. Ra8 f3+ 68. Kxf3 Bxd3 69. Rf8+ Ke5 70. Re8+ Kd5 71. Rxe3 dxe3 72. Kxe3 Kc4 73. Kd2 Bf5 74. a4 1/2-1/2

[Event "Berlin-ch QT"]
[Site "Berlin"]
[Date "2014.04.20"]
[Round "2"]
[White "Lorenz, Joerg"]
[Black "Ruether, Marc"]
[Result "1-0"]
[WhiteElo "2171"]
[BlackElo "1813"]
[PlyCount "125"]
[EventDate "2014.04.19"]
[EventType "swiss"]
[EventRounds "9"]
[EventCountry "GER"]
[SourceTitle "EXT 2022"]
[Source "ChessBase"]
[SourceDate "2021.10.06"]
[SourceVersion "1"]
[SourceVersionDate "2021.10.06"]
[SourceQuality "1"]

1. e4 c5 2. Nc3 Nc6 3. g3 g6 4. Bg2 Bg7 5. d3 d6 6. Be3 e5 7. Qd2 Nge7 8. Bh6 Bxh6 9. Qxh6 Nd4 10. Qd2 Qa5 11. f4 Rb8 12. Nf3 Bg4 13. 0-0 Bxf3 14. Bxf3 Qb6 15. Rab1 h5 16. Bd1 Qc6 17. fxe5 dxe5 18. Qg5 Qc7 19. Nd5 Nxd5 20. exd5 Qe7 21. Qd2 Qd7 22. c3 Nf5 23. Bf3 Nd6 24. Qe3 f6 25. Qxc5 Ke7 26. Rbe1 Rbc8 27. Qf2 Nf7 28. Bg2 f5 29. d4 Kd6 30. dxe5+ Nxe5 31. Qxa7 Qb5 32. Qd4 Rhe8 33. b3 Qa5 34. Re3 Ng4 35. Rxe8 Rxe8 36. h3 Ne5 37. b4 Qb5 38. Rf2 Nd3 39. Bf1 Re1 40. Kg2 Rd1 41. Bxd3 Rxd3 42. Qf6+ Kd7 43. Qxg6 Qxd5+ 44. Kh2 Rd2 45. Qg7+ Kc8 46. Qf8+ Kd7 47. Qc5 Qxc5 48. Rxd2+ Qd6 49. Rxd6+ Kxd6 50. Kg2 b5 51. Kf3 Kd5 52. Kf4 Kc4 53. Kxf5 Kxc3 54. g4 hxg4 55. hxg4 Kxb4 56. g5 Ka3 57. g6 Kxa2 58. g7 b4 59. g8Q+ b3 60. Ke4 Ka1 61. Kd3 b2 62. Qa8+ Kb1 63. Qa4 1-0

[Event "Berlin-ch QT"]
[Site "Berlin"]
[Date "2013.04.02"]
[Round "4"]
[White "Ruether, Marc"]
[Black "Buttkus, Andree"]
[Result "0-1"]
[WhiteElo "1822"]
[BlackElo "2041"]
[PlyCount "144"]
[EventDate "2013.03.30"]
[EventType "swiss"]
[EventRounds "9"]
[EventCountry "GER"]
[SourceTitle "EXT 2023"]
[Source "ChessBase"]
[SourceDate "2022.10.05"]
[SourceVersion "1"]
[SourceVersionDate "2022.10.05"]
[SourceQuality "1"]

1. e4 c5 2. c3 g6 3. d4 cxd4 4. cxd4 d5 5. e5 Nc6 6. Nc3 Bg7 7. Bb5 a6 8. Ba4 Nh6 9. Nge2 e6 10. 0-0 0-0 11. Ng3 f6 12. f4 b5 13. Bb3 Qb6 14. Kh1 Bd7 15. Nxd5 exd5 16. Bxd5+ Kh8 17. e6 Bxe6 18. Bxe6 Nxd4 19. Be3 Qxe6 20. Bxd4 Rad8 21. Ne2 Rfe8 22. Re1 Nf5 23. Qd2 Qd5 24. Qc3 Rxe2 25. Rxe2 Nxd4 26. Rd1 f5 27. Re7 Bf6 28. Rc7 Qd6 29. Rc8 Rxc8 30. Qxc8+ Kg7 31. Qc1 h5 32. Qd2 Qd5 33. b3 h4 34. h3 Qd6 35. Qf2 b4 36. Qd2 a5 37. Qf2 Qc5 38. Qd2 Qc3 39. Qd3 Qxd3 40. Rxd3 Kf7 41. g4 hxg3 42. Rxg3 Ne2 43. Rf3 Bd4 44. Rd3 Bc5 45. Rd5 Be7 46. Rxa5 Nxf4 47. Kh2 Ke6 48. Kg3 Ne2+ 49. Kf2 Nd4 50. Ra6+ Bd6 51. Ke3 Nb5 52. Ra5 Nc7 53. Kd4 g5 54. Kc4 f4 55. Rxg5 f3 56. Kd3 Nd5 57. h4 Be7 58. Rg4 Kf5 59. Rg3 Kf4 60. Rh3 Kg4 61. Rh1 Bxh4 62. Ke4 Nc3+ 63. Ke3 Nxa2 64. Rf1 f2 65. Kd3 Kf3 66. Ra1 Bf6 67. Rf1 Kg2 68. Rxf2+ Kxf2 69. Kc2 Ke2 70. Kb1 Nc3+ 71. Kc2 Ne4 72. Kb1 Nc5 0-1

[Event "Berlin Eckbauer op 15th"]
[Site "Berlin"]
[Date "2012.11.12"]
[Round "5.21"]
[White "Ruether, Marc"]
[Black "Moeller, Dirk Halvard"]
[Result "1-0"]
[WhiteElo "1822"]
[BlackElo "1674"]
[PlyCount "135"]
[EventDate "2012.10.15"]
[EventType "swiss"]
[EventRounds "7"]
[EventCountry "GER"]
[SourceTitle "EXT 2022"]
[Source "ChessBase"]
[SourceDate "2021.10.06"]
[SourceVersion "1"]
[SourceVersionDate "2021.10.06"]
[SourceQuality "1"]

1. e4 e5 2. Nf3 Nc6 3. Bb5 a6 4. Ba4 Nf6 5. d3 b5 6. Bb3 Be7 7. 0-0 0-0 8. Re1 d6 9. a4 Bb7 10. c3 Nb8 11. axb5 axb5 12. Rxa8 Bxa8 13. Na3 c6 14. Bd2 Nbd7 15. Bc2 Re8 16. d4 Bf8 17. Qb1 g6 18. Bb3 Re7 19. Bg5 h6 20. Bh4 Bg7 21. h3 Nf8 22. g4 Qd7 23. Bg3 N6h7 24. dxe5 Bxe5 25. Nxe5 dxe5 26. Rd1 Qc8 27. Qc1 Kg7 28. Qe3 Ng5 29. Kh2 Qc7 30. f3 Nfe6 31. h4 Nh7 32. Bxe6 Rxe6 33. Qc5 Nf6 34. Nxb5 Qa5 35. Qa3 Qxb5 36. Rd8 Qe2+ 37. Kg1 Qe3+ 38. Kg2 Qe2+ 39. Bf2 Ne8 40. Qxa8 Kf8 41. Qa3+ Kg7 42. Qa1 Rf6 43. Qd1 Qxd1 44. Rxd1 Re6 45. Bc5 Nc7 46. Rd6 Kf6 47. Kf2 Rxd6 48. Bxd6 Ne6 49. Ke3 Nf4 50. g5+ hxg5 51. hxg5+ Ke6 52. Bb8 Nh3 53. b4 Nxg5 54. c4 f6 55. b5 cxb5 56. cxb5 Kd7 57. f4 exf4+ 58. Bxf4 Ne6 59. Bg3 Kc8 60. Kd3 Kb7 61. Bf2 Nc7 62. Kc4 g5 63. Bd4 Ne8 64. b6 g4 65. Kd5 g3 66. Ke6 g2 67. Ke7 Nc7 68. Kxf6 1-0

[Event "Berlin Eckbauer op 15th"]
[Site "Berlin"]
[Date "2012.11.05"]
[Round "4.9"]
[White "Hoffmann, Peter"]
[Black "Ruether, Marc"]
[Result "1-0"]
[WhiteElo "2028"]
[BlackElo "1822"]
[PlyCount "79"]
[EventDate "2012.10.15"]
[EventType "swiss"]
[EventRounds "7"]
[EventCountry "GER"]
[SourceTitle "EXT 2022"]
[Source "ChessBase"]
[SourceDate "2021.10.06"]
[SourceVersion "1"]
[SourceVersionDate "2021.10.06"]
[SourceQuality "1"]

1. e4 c5 2. Nf3 Nc6 3. Bb5 e6 4. Bxc6 bxc6 5. Qe2 f6 6. d3 e5 7. Na3 Ne7 8. h4 h5 9. Nc4 Ng6 10. g3 d5 11. Ncd2 Be7 12. Nf1 Be6 13. N1h2 Qc7 14. Bd2 0-0 15. Ng1 Bf7 16. Qxh5 Nf4 17. Qf3 dxe4 18. dxe4 Ne6 19. Ne2 Qb6 20. b3 Rfd8 21. Bc3 c4 22. Ng4 Nd4 23. Nxd4 exd4 24. Bd2 Bc5 25. 0-0 d3 26. b4 Bxb4 27. Rab1 c3 28. Bxc3 a5 29. cxd3 Bxa2 30. Rb2 Bf7 31. Bxb4 axb4 32. Rd1 Qd4 33. Rdd2 b3 34. Ne3 Ra2 35. Nf5 Qa7 36. Qg4 Be8 37. Rxa2 bxa2 38. Rxa2 Bh5 39. Rxa7 Bxg4 40. Rxg7+ 1-0

[Event "Berlin Werner Ott op"]
[Site "Berlin"]
[Date "2012.07.13"]
[Round "7"]
[White "Solhjou Mohammed, Hassan"]
[Black "Ruether, Marc"]
[Result "1-0"]
[WhiteElo "1972"]
[BlackElo "1811"]
[PlyCount "71"]
[EventDate "2012.07.07"]
[EventType "swiss"]
[EventRounds "9"]
[EventCountry "GER"]
[SourceTitle "CBM 149 Extra"]
[Source "ChessBase"]
[SourceDate "2012.08.24"]
[SourceVersion "1"]
[SourceVersionDate "2012.08.24"]
[SourceQuality "1"]

1. e4 c5 2. Nc3 Nc6 3. f4 g6 4. Nf3 Bg7 5. Bc4 e6 6. e5 Nge7 7. Ne4 Nf5 8. g4 d5 9. gxf5 dxe4 10. Ng5 Nxe5 11. Bb5+ Bd7 12. Bxd7+ Nxd7 13. fxe6 fxe6 14. Qg4 Nf6 15. Qxe6+ Qe7 16. 0-0 h6 17. Qxe7+ Kxe7 18. Nxe4 Nxe4 19. Re1 Rhe8 20. d3 Kf7 21. dxe4 Rad8 22. Kg2 b6 23. a4 Rd4 24. Kf3 Bf6 25. a5 b5 26. Ra3 a6 27. e5 Bh4 28. Rf1 b4 29. Rd3 Rxd3+ 30. cxd3 Rd8 31. Ke2 Ke6 32. Be3 Rc8 33. Rc1 Kd5 34. b3 Rc6 35. Rc4 Bd8 36. d4 1-0

[Event "Berlin Werner Ott op"]
[Site "Berlin"]
[Date "2012.07.09"]
[Round "3"]
[White "Hahlbohm, Matthias"]
[Black "Ruether, Marc"]
[Result "0-1"]
[WhiteElo "2078"]
[BlackElo "1811"]
[PlyCount "84"]
[EventDate "2012.07.07"]
[EventType "swiss"]
[EventRounds "9"]
[EventCountry "GER"]
[SourceTitle "CBM 149 Extra"]
[Source "ChessBase"]
[SourceDate "2012.08.24"]
[SourceVersion "1"]
[SourceVersionDate "2012.08.24"]
[SourceQuality "1"]

1. e4 c5 2. Nf3 Nc6 3. d4 cxd4 4. Nxd4 e5 5. Nb3 Nf6 6. Bc4 Nxe4 7. Bxf7+ Kxf7 8. Qd5+ Ke8 9. Qxe4 d5 10. Qe2 Qf6 11. 0-0 Be6 12. N1d2 Qg6 13. c4 d4 14. Kh1 Be7 15. Ne4 Bxc4 16. Qxc4 Qxe4 17. Bd2 Qf5 18. f4 e4 19. Nxd4 Nxd4 20. Qxd4 Bf6 21. Qe3 Rd8 22. Rfe1 Kf7 23. Bc3 Bxc3 24. Qxc3 Rhe8 25. Re3 Rd3 26. Rxd3 exd3 27. h3 Qd5 28. Rd1 Rd8 29. Rd2 Qd4 30. Qxd4 Rxd4 31. g3 Ke6 32. Kg2 Kd5 33. Kf3 Kc4 34. f5 Rd7 35. g4 Kd4 36. h4 Re7 37. h5 Re3+ 38. Kf4 Re2 39. Rd1 d2 40. Kf3 Kd3 41. h6 gxh6 42. f6 Re1 0-1

[Event "Berlin Lichtenberger op 10th"]
[Site "Berlin"]
[Date "2011.08.17"]
[Round "5"]
[White "Poeltelt, Helmut"]
[Black "Ruether, Marc"]
[Result "1-0"]
[WhiteElo "1716"]
[BlackElo "1808"]
[PlyCount "112"]
[EventDate "2011.08.13"]
[EventType "swiss"]
[EventRounds "9"]
[EventCountry "GER"]
[SourceTitle "CBM 143 Extra"]
[Source "ChessBase"]
[SourceDate "2011.08.29"]
[SourceVersion "1"]
[SourceVersionDate "2011.08.29"]
[SourceQuality "1"]

1. e4 c5 2. Nc3 Nc6 3. g3 g6 4. Bg2 Bg7 5. Nge2 d6 6. d3 e5 7. Nd5 Nge7 8. Bg5 0-0 9. Nf6+ Kh8 10. Qd2 Nd4 11. Nc3 h6 12. h4 Ng8 13. Nxg8 hxg5 14. hxg5+ Kxg8 15. Nd5 Bg4 16. c3 Bf3 17. cxd4 Bxg2 18. Rh2 Bf3 19. dxc5 dxc5 20. Qc3 Bg4 21. Qxc5 Re8 22. Qe3 Be6 23. Nf6+ Bxf6 24. gxf6 Qxf6 25. Rh6 Rec8 26. Kd2 Qe7 27. Rah1 Qb4+ 28. Kd1 Kf8 29. Qg5 Ke8 30. Qxe5 Kd7 31. Rxg6 fxg6 32. Rh7+ Kc6 33. Qxe6+ Qd6 34. Qc4+ Kb6 35. Qb3+ Ka5 36. Rxb7 Qc5 37. Qc3+ Qxc3 38. bxc3 Rxc3 39. Kd2 Rc6 40. d4 Ka6 41. Rb3 Rb6 42. e5 Rxb3 43. axb3 Kb6 44. f4 Kc6 45. g4 Rf8 46. Ke3 Kd5 47. b4 a6 48. e6 Kxe6 49. Ke4 Rb8 50. f5+ gxf5+ 51. gxf5+ Kf6 52. Kd5 Rxb4 53. Kc6 Rb1 54. d5 a5 55. d6 a4 56. d7 Rd1 1-0

[Event "Berlin Lichtenberger op 10th"]
[Site "Berlin"]
[Date "2011.08.13"]
[Round "1"]
[White "Jahnz, Fabian"]
[Black "Ruether, Marc"]
[Result "1-0"]
[WhiteElo "2211"]
[BlackElo "1808"]
[PlyCount "71"]
[EventDate "2011.08.13"]
[EventType "swiss"]
[EventRounds "9"]
[EventCountry "GER"]
[SourceTitle "CBM 143 Extra"]
[Source "ChessBase"]
[SourceDate "2011.08.29"]
[SourceVersion "1"]
[SourceVersionDate "2011.08.29"]
[SourceQuality "1"]

1. e4 c5 2. c3 d5 3. exd5 Qxd5 4. d4 Nf6 5. Nf3 Bg4 6. dxc5 Qxd1+ 7. Kxd1 Nbd7 8. b4 Rd8 9. Nbd2 g6 10. Kc2 Bf5+ 11. Kb3 Ng4 12. Bc4 Nxf2 13. Rf1 Nd3 14. Nd4 N7e5 15. Ba3 Bd7 16. Rad1 Bh6 17. N2f3 Nxc4 18. Kxc4 Nf4 19. Bc1 g5 20. g3 Ne6 21. Ne5 Ba4 22. Rde1 Nxd4 23. cxd4 0-0 24. h4 f6 25. Ng4 Bg7 26. Rxe7 f5 27. Ne5 b5+ 28. Kc3 gxh4 29. gxh4 Bf6 30. Rg1+ Kh8 31. Bg5 Bxe7 32. Bxe7 Rde8 33. Bxf8 Rxf8 34. d5 f4 35. d6 f3 36. d7 1-0